Statistics for Clichés about Death

Click here to take the quiz!

General Stats

  • This quiz has been taken 57,013 times
  • The average score is 14 of 20

Answer Stats

Cliché% Correct
Six feet {under}
96%
{Rest} in peace
94%
Kick the {bucket}
89%
Another nail in the {coffin}
87%
It ain't over till the fat lady {sings}
86%
{Meet} your maker
84%
Sleeps with the {fishes} (drowned)
82%
In Davy Jones' {locker} (drowned)
78%
In a {better} place
74%
Go out in a {blaze} of glory
71%
{Deader} than a doornail
68%
Bite the {dust}
65%
Pushing up {daisies}
64%
Breathed one's {last}
63%
That's all she {wrote}
60%
One foot on a banana peel,
the other in the {grave}
55%
Gone {belly} up
41%
Give up the {ghost}
40%
Stick a {fork} in it
39%
Bought the {farm}
31%

Score Distribution

Percentile by Number Answered

Percent of People with Each Score

Your Score History

You have not taken this quiz